Fuzzy Databases: Modeling, Design and Implementation

Gespeichert in:
Bibliographische Detailangaben
Hauptverfasser: Galindo, J. (Verfasst von), Urrutia, Angélica (Verfasst von), Piattini, Mario (Verfasst von)
Format: Buch
Sprache:Englisch
Veröffentlicht: Hershey : Idea Group Publishing, 2006
Schlagworte:
Tags: Tag hinzufügen
Keine Tags, Fügen Sie das erste Tag hinzu!

MARC

LEADER 00000nam a22000003a 4500
001 stu201825
005 20150617230110.0
008 100330s2006----xxu-----------------eng-d
020 |a 1-59140-325-1 
040 |a STU  |b slo 
041 0 |a eng 
044 |a xxu 
100 1 |a Galindo, J.  |4 aut 
245 1 |a Fuzzy Databases: Modeling, Design and Implementation 
260 |a Hershey :  |b Idea Group Publishing,  |c 2006 
300 |a 320 s 
650 7 |a manažment databázový  |2 stusub 
700 1 |a Urrutia, Angélica  |4 aut 
700 1 |a Piattini, Mario  |4 aut 
996 |b 284IK06728  |c I*10D6145  |l II680  |s A  |a 24  |w stu201825_0001